000
00325nam a2200133Ia 4500
008
190216s9999||||xx |||||||||||||| ||und||
100
_a
"Sivaramakrishnan Iyer, Daniel. P.A, John. U.V, Paul. Pi"
245
0
_a
Physics Pre Degree
250
_a
1st Ed.
260
_b
Null
300
_a
695
650
_a
Physics
942
_c
BK
999
_c
32916
_d
32916